logo

Bir Sreshtho Munshi Abdur Rouf Library
Jhenaidah Cadet College

Substance of Civics / (Record no. 9272)

MARC details
000 -LEADER
fixed length control field 00541nam a22002177a 4500
001 - CONTROL NUMBER
JCCL Control Number 9272
003 - CONTROL NUMBER IDENTIFIER
JCCL marc code OSt
005 - DATE AND TIME OF LATEST TRANSACTION
control field 20180312131332.0
008 - FIXED-LENGTH DATA ELEMENTS--GENERAL INFORMATION
fixed length control field 180312b1966 bg ||||| |||| 00| 0 eng d
035 ## - SYSTEM CONTROL NUMBER
system control number (BD-JhCC)9272
040 ## - CATALOGING SOURCE
Original cataloging agency BD-JhCC
Modifying agency BD-JhCC
041 ## - LANGUAGE CODE
Language code of Book eng
082 ## - DEWEY DECIMAL CLASSIFICATION NUMBER
Classification number 320.473
Author mark and Year KHA 1966
100 ## - MAIN ENTRY--PERSONAL NAME
Personal name Khan, Md. Abdul Haque
245 ## - TITLE STATEMENT
Title Substance of Civics /
Statement of responsibility, etc Md. Abdul Haque Khan
260 ## - PUBLICATION, DISTRIBUTION, ETC. (IMPRINT)
Place of publication, distribution, etc Mymensingh :
Name of publisher, distributor, etc Mullick Brothers
Date of publication, distribution, etc 1966.
300 ## - PHYSICAL DESCRIPTION
Pagination 298 p. :
Dimensions 20 cm.
650 ## - SUBJECT ADDED ENTRY--TOPICAL TERM
Topical term or geographic name as entry element Civics
942 ## - ADDED ENTRY ELEMENTS (KOHA)
Source of classification or shelving scheme Dewey Decimal Classification
Koha item type Books
Holdings
Source of classification or shelving scheme Damaged status Not for loan Home library Current library Shelving location Date of accession Cost, normal purchase price Total Checkouts Full call number Barcode Date last seen Copy number Koha item type
Dewey Decimal Classification     JCC Rouf Library JCC Rouf Library General Stacks 03/12/2018 7.00   320.473 KHA 1966 12346 03/12/2018 C-1 Books

JCC Library | Contacts | JCC Home

Last Update on 23 September 2017
Copyright @ 2017-2020 JCC Rouf Library
Rouf Library, Jhenidah Cadet College (JCC), Bangladesh